000
00391nam a2200145Ia 4500
008
100122s9999 xx 000 0 und d
082
_b
49610
_a
823
100
_a
रायकर प्रतिभा
245
_a
देवता
260
_b
प्रिया प्रकाशन
_c
1988
300
_a
176
630
_a
देवता
730
_a
देवता
942
_c
BOOK
999
_c
427463
_d
427460